| 000 | 00386nam a22001337a 4500 | ||
|---|---|---|---|
| 082 |
_a346.9086 _bMAN |
||
| 100 | _aMangan, Zafar Iqbal | ||
| 245 |
_aManual of Banking Laws in Pakistan / _cZafar Iqbal Mangan |
||
| 260 |
_aLahore : _bImran Law Book House, _c2023. |
||
| 300 |
_a1160 p. ; _c24 cm. |
||
| 563 | _aHardcover. | ||
| 650 |
_aLaw, Banking Laws _9126279 |
||
| 942 |
_2ddc _cBK |
||
| 999 |
_c611990 _d611990 |
||